| 000 | 00567nai a2200181Ia 4500 | ||
|---|---|---|---|
| 003 | IN-BaIIA | ||
| 008 | 211028c9999 xx s 000 0 eng d | ||
| 022 | _a1523-7052 (Online) | ||
| 022 | _a1523-7060 (Print) | ||
| 040 | _cIIA Library | ||
| 245 | 0 |
_aOrganic Letters _h[eJournal] |
|
| 260 |
_aWashington DC _bACS Publications |
||
| 310 | _aSemi-monthly | ||
| 362 | _a1(1); 2001 - Present | ||
| 521 | _bSubscribed through National Knowledge Resource Consortium (NKRC) | ||
| 856 |
_uhttps://pubs.acs.org/journal/orlef7 _yClick Here to Access eJournal |
||
| 942 | _cEJ | ||
| 999 |
_c35476 _d35476 |
||